Logo BPK

Biblioteka

Politechniki Koszalińskiej

Die Kunst der Naturavölker und der Vorzeit / (Rekord nr 7856)

Szczegóły MARC
000 -ETYKIETA REKORDU
podpole kontrolne o stałej długości 00561nam a2200193 i 4500
001 - NUMER KONTROLNY REKORDU
pole kontrolne bg
040 ## - ŹRÓDŁO KATALOGOWANIA
Instytucja, która utworzyła rekord BPK
041 ## - KOD JĘZYKA
Kod języka tekstu pol
080 ## - UNIWERSALNA KLASYFIKACJA DZIESIĘTNA - UKD
UKD 7(091)
008 - POLE O STAŁEJ DŁUGOŚCI - DANE KONTROLNE
podpole kontrolne o stałej długości s pl f |000 0 pol
100 1# - NAZWA OSOBOWA
Nazwa osobowa SYDOW, Eckart
245 #0 - TYTUŁ/ODPOWIEDZIALNOŚĆ
Tytuł Die Kunst der Naturavölker und der Vorzeit /
Pozostałe elementy strefy tytułu i oznaczenia odpowiedzialności vo Eckart von Sydow.
260 ## - STREFA ADRESU WYDAWNICZEGO
Miejsce wydania Berlin :
Nazwa wydawcy/dystrybutora Propyläen-Verlag,
Data publikacji, dystrybucji/powstania dokumentu 1923.
300 ## - STREFA OPISU FIZYCZNEGO
Objętość 568, [1] s. 24 tabl. kolor. :
Inne cechy fizyczne il. ;
Rozmiary 27 cm.
490 1# - STREFA SERII I DOKUMENTU WIELOCZĘŚCIOWEGO - FORMA NIE DO WYSZUKIWANIA
Tytuł i oznaczenie odpowiedzialności serii Propylän - Kunstgeschichte ;
Numeracja w obrębie serii Bd.1
650 #9 - HASŁO PRZEDMIOTOWE W FORMIE NAZWY OGÓLNEJ LUB JEDNOSTKOWEJ
Nazwa ogólna lub geograficzna Sztuka
Określnik ogólny historia
830 ## - HASŁO DODATKOWE SERII LUB DOKUMENTU WIELOCZĘŚCIOWEGO - TYTUŁ UJEDNOLICONY
Tytuł ujednolicony Propylän - Kunstgeschichte ;
856 ## - LOKALIZACJA I DOSTĘP DO ELEKTRONICZNYCH DOKUMENTÓW ZDALNYCH
Link (URL) http://koha.tu.koszalin.pl/cgi-bin/koha/opac-detail.pl?biblionumber=7856
Tekst linku Katalog online BPK
942 ## - DODATKOWE ELEMENTY (KOHA)
Typ dokumentu Książka
Egzemplarze
Wycofany Status egzemplarza Uszkodzony Ograniczenia udostępniania Dostępność Kolekcja Lokalizacja stała Lokalizacja bieżąca Miejsce przechowywania Sygnatura Kod kreskowy Dział Typ dokumentu Uwaga przeznaczona na użytek publiczny
      Dostęp zastrzeżony Tylko na miejscu Bibliotekarstwo Biblioteka Politechniki Koszalińskiej Biblioteka Politechniki Koszalińskiej Zbiory Wewnętrzne 4099 02133089 0/9(03) Encyklopedie. Leksykony Książka D5
© 2023 Biblioteka Politechniki Koszalińskiej :: KOHA